| 000 | 00459nam a22001697a 4500 | ||
|---|---|---|---|
| 003 | CEME | ||
| 005 | 20210628203739.0 | ||
| 008 | 210416b xxu||||| |||| 00| 0 eng d | ||
| 020 | _a0-7506-1917-1 | ||
| 040 | _c. | ||
| 082 | _a621.3828 TAL'A | ||
| 100 |
_aTalbot - Smith, Michael _967116 |
||
| 245 | _aAudio recording and reproduction , practical measures for audio enthusiasts | ||
| 260 |
_bBUTTERWORTH _c1994 |
||
| 300 | _aXIII,190 P | ||
| 942 |
_cBK _2ddc |
||
| 999 |
_c574963 _d574963 |
||